|
|
|
|
| LEADER |
01265nam a2200301 a 4500 |
| 001 |
2487361 |
| 008 |
090817s1992 enk b 001 0 eng d |
| 010 |
|
|
|a 91024931
|
| 020 |
|
|
|a 0521352169 (hbk)
|
| 020 |
|
|
|a 0521359961 (pbk.)
|
| 040 |
|
|
|a DLC
|c DLC
|d DLC
|
| 082 |
0 |
0 |
|a 111/.85
|2 20
|
| 100 |
1 |
|
|a Croce, Benedetto,
|d 1866-1952.
|
| 240 |
1 |
0 |
|a Estetica come scienza dell'espressione e linguistica generale.
|n Parte 1.
|l English
|
| 245 |
1 |
4 |
|a The aesthetic as the science of expression and of the linguistic in general /
|c Benedetto Croce ; translated by Colin Lyas.
|
| 260 |
|
|
|a Cambridge ;
|a New York :
|b Cambridge University Press,
|c 1992.
|
| 300 |
|
|
|a xxxiv, 172 p. ;
|c 24 cm.
|
| 500 |
|
|
|a Translation of pt. 1 of: Estetica come scienza dell'espressione e linguistica generale.
|
| 504 |
|
|
|a Includes bibliographical references and index.
|
| 541 |
1 |
|
|e 00013710
|
| 650 |
|
0 |
|a Aesthetics.
|
| 650 |
|
0 |
|a Language and languages
|x Philosophy.
|
| 650 |
|
0 |
|a Philosophy.
|
| 700 |
1 |
|
|a Lyas, Colin.
|
| 740 |
0 |
|
|a Estetica.
|
| 852 |
4 |
|
|a Ayesha Abed Library
|j General shelf
|
| 999 |
|
|
|c 3196
|d 3196
|
| 952 |
|
|
|0 0
|1 0
|2 ddc
|4 0
|6 111_850000000000000_CRO
|7 0
|9 2896
|a BRACUL
|b BRACUL
|c GEN
|d 2009-08-30
|g 1695.00
|l 1
|m 15
|o 111.85 CRO
|p 3010013710
|r 2013-04-21
|s 2012-12-10
|t 1
|w 2009-08-30
|y BK
|